[Event "YUG-ch"]
[Site "Kladovo"]
[Date "1992.??.??"]
[Round "4"]
[White "Gulicovski, Klimentije"]
[Black "Filipovic, Branko"]
[Result "0-1"]
[WhiteElo "2225"]
[BlackElo "2400"]
[PlyCount "112"]
[EventDate "1992.12.??"]
[EventType "swiss"]
[EventRounds "13"]
[EventCountry "YUG"]
[SourceTitle "EXT 1997"]
[Source "ChessBase"]
[SourceDate "1996.11.15"]
[SourceVersion "1"]
[SourceVersionDate "1996.11.15"]
[SourceQuality "1"]

1. c4 Nf6 2. d4 g6 3. Nc3 d5 4. g3 Bg7 5. Bg2 dxc4 6. Nf3 0-0 7. Ne5 Ne8 8. e3 c5 9. 0-0 cxd4 10. exd4 Nd6 11. Qe2 Na6 12. Rd1 Be6 13. d5 Bf5 14. Nxc4 Nxc4 15. Qxc4 Rc8 16. Qe2 Qd7 17. Be3 Nc5 18. Bd4 Rfe8 19. Bxg7 Kxg7 20. Qe3 b6 21. Rd4 h5 22. Rad1 Nb7 23. Rh4 Nd6 24. Qe2 f6 25. Rb4 Rc5 26. f3 Qc8 27. Bf1 Bd7 28. Qf2 Qc7 29. Re1 b5 30. Rd4 Bf5 31. Bd3 a5 32. Bxf5 Nxf5 33. Rd2 Rd8 34. Red1 Nd6 35. Ne4 Nxe4 36. fxe4 Rc4 37. Rd4 Rc2 38. R1d2 Rc1+ 39. Kg2 Qe5 40. Qf4 Re1 41. a4 g5 42. Qf3 bxa4 43. Rxa4 Rb8 44. b3 Rb4 45. Rxa5 Rbxe4 46. Rf2 R4e2 47. Ra2 Rxa2 48. Rxa2 g4 49. Qd3 Re3 50. Qc4 Rc3 51. Qe2 Qxd5+ 52. Kf2 Qc5+ 53. Kg2 Qc6+ 54. Kg1 Rc1+ 55. Kf2 Qc5+ 56. Qe3 Rf1+ 0-1

[Event "Vrnjacka Banja"]
[Site "Vrnjacka Banja"]
[Date "1989.??.??"]
[Round "?"]
[White "Gulicovski, Klimentije"]
[Black "Cvetkovic, Srdjan"]
[Result "0-1"]
[WhiteElo "2200"]
[BlackElo "2460"]
[PlyCount "60"]
[EventDate "1989.04.??"]
[EventType "tourn"]
[EventRounds "15"]
[EventCountry "YUG"]
[EventCategory "7"]
[SourceTitle "CBM 013"]
[Source "ChessBase"]
[SourceDate "1989.12.01"]
[SourceVersion "1"]
[SourceVersionDate "1989.12.01"]
[SourceQuality "1"]

1. Nf3 d5 2. c4 e6 3. b3 Nf6 4. Bb2 Be7 5. g3 0-0 6. Bg2 b6 7. 0-0 Bb7 8. Qc2 c5 9. Ng5 Nbd7 10. cxd5 exd5 11. e3 Rc8 12. Nc3 h6 13. Nh3 Ba6 14. Rfe1 d4 15. Ne4 Ne5 16. Nxf6+ Bxf6 17. Nf4 Bg5 18. Qf5 Bxf4 19. gxf4 Nd3 20. Reb1 Qh4 21. Ba3 Qxf2+ 22. Kh1 Qxd2 23. exd4 Nf2+ 24. Kg1 Qxd4 25. h4 Bd3 26. Qe5 Qxe5 27. fxe5 Bxb1 28. Kxf2 Bf5 29. Ke3 Rfd8 30. Bf1 Rd4 0-1

[Event "YUG-ch sf"]
[Site "Kladovo"]
[Date "1989.??.??"]
[Round "?"]
[White "Gulicovski, Klimentije"]
[Black "Milosevic, Goran"]
[Result "0-1"]
[WhiteElo "2230"]
[BlackElo "2330"]
[PlyCount "146"]
[EventDate "1989.??.??"]
[EventType "swiss"]
[EventRounds "11"]
[EventCountry "YUG"]
[SourceTitle "EXT 2009"]
[Source "ChessBase"]
[SourceDate "2008.11.26"]
[SourceVersion "1"]
[SourceVersionDate "2008.11.26"]
[SourceQuality "1"]

1. Nf3 c5 2. c4 Nf6 3. Nc3 e6 4. d4 cxd4 5. Nxd4 a6 6. Nc2 Qc7 7. e4 Nc6 8. Be2 Bd6 9. h3 Be5 10. Qd3 0-0 11. 0-0 Bf4 12. Rd1 Rd8 13. Bxf4 Qxf4 14. c5 Rb8 15. Qd6 g5 16. g3 Qxd6 17. cxd6 b5 18. b4 Bb7 19. f4 gxf4 20. gxf4 e5 21. Nd5 Kg7 22. Kh2 Nxe4 23. fxe5 Nxe5 24. Ne7 Kf8 25. Ne3 Nxd6 26. Rxd6 Kxe7 27. Nf5+ Kf8 28. Rf1 Rbc8 29. Nd4 Rc3 30. Ne6+ dxe6 31. Rxd8+ Ke7 32. Rd2 Bd5 33. Rf4 Re3 34. Rh4 Be4 35. Kg1 Bf5 36. Kf2 Ra3 37. Bg4 Bb1 38. Be2 Bf5 39. Rb2 Kf6 40. Bf1 Kg5 41. Rd4 h5 42. h4+ Kf6 43. Be2 Bg4 44. Rf4+ Kg6 45. Rd2 f5 46. Rfd4 Kf6 47. Rd8 Ng6 48. Bxg4 hxg4 49. h5 Nf4 50. h6 Rh3 51. R8d6 Rxh6 52. Kg1 g3 53. Rxa6 g2 54. Rxg2 Nxg2 55. Kxg2 Rh4 56. a3 Rc4 57. Ra5 Rc3 58. Kf2 e5 59. Ke2 e4 60. Kd2 Rd3+ 61. Kc2 Kg5 62. Rxb5 Rxa3 63. Rb8 Kf4 64. b5 e3 65. b6 Ra2+ 66. Kc3 Ra1 67. Re8 Rb1 68. Re6 Kf3 69. Kd3 f4 70. Kc2 Rb5 71. Kd3 Rd5+ 72. Kc4 Rd8 73. b7 e2 0-1

[Event "YUG-ch sf"]
[Site "Kladovo"]
[Date "1989.??.??"]
[Round "?"]
[White "Gulicovski, Klimentije"]
[Black "Nestorovic, Dejan"]
[Result "1/2-1/2"]
[WhiteElo "2230"]
[BlackElo "2350"]
[PlyCount "87"]
[EventDate "1989.??.??"]
[EventType "swiss"]
[EventRounds "11"]
[EventCountry "YUG"]
[SourceTitle "EXT 2009"]
[Source "ChessBase"]
[SourceDate "2008.11.26"]
[SourceVersion "1"]
[SourceVersionDate "2008.11.26"]
[SourceQuality "1"]

1. Nf3 c5 2. c4 Nf6 3. Nc3 Nc6 4. d4 cxd4 5. Nxd4 g6 6. e4 d6 7. Be2 Bg7 8. Nc2 0-0 9. 0-0 b6 10. Bg5 Bb7 11. Qd2 Rc8 12. Ne3 Nd7 13. Ned5 Re8 14. Rad1 Nd4 15. b3 Nxe2+ 16. Nxe2 Nc5 17. f3 Qd7 18. Ng3 Bc6 19. Rfe1 b5 20. cxb5 Bxb5 21. Qe3 Qb7 22. h4 Ne6 23. Bh6 Bh8 24. f4 Rc2 25. Rd2 Rec8 26. f5 Nf8 27. Qg5 f6 28. Qe3 Bg7 29. Rxc2 Rxc2 30. Rc1 Bxh6 31. Qxh6 Rxc1+ 32. Qxc1 Kf7 33. fxg6+ hxg6 34. h5 Bc6 35. hxg6+ Nxg6 36. Qh6 Bxd5 37. Qh7+ Kf8 38. exd5 Ne5 39. Qh8+ Kf7 40. Qh5+ Kf8 41. Nf5 Qxd5 42. Qh8+ Kf7 43. Qh5+ Kf8 44. Qh8+ 1/2-1/2

[Event "YUG-ch sf"]
[Site "Kladovo"]
[Date "1989.??.??"]
[Round "?"]
[White "Maksimovic, Branimir"]
[Black "Gulicovski, Klimentije"]
[Result "1/2-1/2"]
[WhiteElo "2425"]
[BlackElo "2230"]
[PlyCount "40"]
[EventDate "1989.??.??"]
[EventType "swiss"]
[EventRounds "11"]
[EventCountry "YUG"]
[SourceTitle "EXT 2009"]
[Source "ChessBase"]
[SourceDate "2008.11.26"]
[SourceVersion "1"]
[SourceVersionDate "2008.11.26"]
[SourceQuality "1"]

1. d4 d5 2. c4 e6 3. Nc3 Nf6 4. Nf3 c6 5. e3 Bd6 6. Bd3 Nbd7 7. e4 dxe4 8. Nxe4 Nxe4 9. Bxe4 Nf6 10. Bc2 h6 11. 0-0 0-0 12. b3 c5 13. dxc5 Bxc5 14. Bb2 Qxd1 15. Rfxd1 b6 16. a3 a5 17. Bxf6 gxf6 18. Be4 Ra7 19. Bc6 Rc7 20. Ba4 e5 1/2-1/2

[Event "Vrnjacka Banja"]
[Site "Vrnjacka Banja"]
[Date "1989.??.??"]
[Round "?"]
[White "Reyes Larena, Juan"]
[Black "Gulicovski, Klimentije"]
[Result "1/2-1/2"]
[WhiteElo "2445"]
[BlackElo "2200"]
[PlyCount "86"]
[EventDate "1989.04.??"]
[EventType "tourn"]
[EventRounds "15"]
[EventCountry "YUG"]
[EventCategory "7"]
[SourceTitle "CBM 013"]
[Source "ChessBase"]
[SourceDate "1989.12.01"]
[SourceVersion "1"]
[SourceVersionDate "1989.12.01"]
[SourceQuality "1"]

1. e4 g6 2. d4 Bg7 3. Nc3 d6 4. Be3 c6 5. Qd2 b5 6. f3 a6 7. Nge2 Nd7 8. g3 Nb6 9. b3 Qc7 10. Bg2 Bb7 11. 0-0 h5 12. h3 Nf6 13. Nf4 Nbd7 14. Rad1 Rd8 15. Qf2 0-0 16. Nd3 e5 17. dxe5 dxe5 18. f4 exf4 19. gxf4 Nh7 20. e5 f5 21. Ne2 Rfe8 22. Nc5 Nxc5 23. Bxc5 Rxd1 24. Rxd1 Nf8 25. Bd6 Qc8 26. c4 Ne6 27. c5 Bh6 28. Kh2 Kh7 29. b4 Qd7 30. Qg3 Qf7 31. Kh1 Rg8 32. h4 Ra8 33. Qb3 Qe8 34. Nd4 Nxf4 35. e6 a5 36. Bxf4 Bxf4 37. Nxb5 Rd8 38. Rf1 Bb8 39. Nd6 Bxd6 40. cxd6 Rxd6 41. bxa5 Qe7 42. Qb4 Bc8 43. Bxc6 Qxe6 1/2-1/2